000 00947nam a22002417a 4500
001 125554
003 UA-OsUOA
005 20220416175040.0
007 ta
008 20170919b un ||||| |||| 00| 0 ukr d
020 _a96672952232
040 _aUA-OsUOA
_bukr
_cUA-OsUOA
_dUA-OsUOA
041 _aukr
080 _a94(4)(=411.16)
090 _a94(4)(=411.16)
_bК29
245 _aКатастрофа європейського єврейства
_bу 4 кн.: навчальний посібник
_cД. Міхман, Г. Гройф
_nКн. 2; ч. 3, 4
_pВинищування євреїв: нацистська індустрія смерті. Єврейські лідери і єврейський опір
260 _aК.
_bВирій
_c2005
300 _a391 с.
650 7 _a9 Географія. Біографії. Історія
_2UDC
942 _cBK
_2udc
955 _a2
999 _c412799
_d412799